000 01337cam a22002531i 4500
003 SA-RiAUC
005 20250509155641.0
008 250508s1984 su g f00000 ara c
040 _aSA-RiAUC
_bara
_cSA-RiAUC
_erda
082 0 4 _a257.5
_qSA-RiAUC
090 _a257.5
_b م ر ص
100 1 _aالمرصفاوي، جمال صادق
_eمؤلف.
245 1 0 _aنظام القضاء في الإسلام :
_bمن البحوث المقدمة لمؤتمر الفقه الإسلامي الذي عقدته جامعة الإمام محمد بن سعود الإسلامية بالرياض سنة 1976 م /
_cلجمال صادق المرصفاوي، أحمد بن الشيخ عبد العزيز آل الشيخ مبارك، محمود الباجي.
264 1 _aالرياض :
_bجامعة الإمام محمد بن سعود الإسلامية،
_c1984
300 _a232 صفحة ؛
_c24 سم
336 _aنص
_btxt
_2rdacontent
_3كتاب
337 _aبدون وسيط
_bn
_2rdamedia
338 _aمجلد
_bnc
_2rdacarrier
650 7 _aالقضاء في الإسلام
_vمؤتمرات
_2aucsh
700 1 _aآل مبارك، أحمد بن عبد العزيز،
_d1327-1409 هجري
_eمؤلف.
700 1 _aالباجي، محمود،
_d1906-1987‏
_eمؤلف.
942 _2ddc
_cBOOK
_n0
949 _aSA-JeALM
_d250508
_umohamedma123
_n1
999 _c7748
_d7748